Amy the Red Panda is writing the best story in the world / by Colleen AF Venable ; illustratons by Ruth Chan.
An exuberant, hilarious guessing game about storytelling, creativity, friendship, and patience—with the most adorable animal menagerie you’ll find anywhere! Amy the Red Panda starts to tell her best friend Mervin the Sloth a story when—uh-oh—a rainstorm of letters pours down! When it stops, Amy reads a sentence in the sky: Amy the Red Panda is writing the best story in the world. The BEST story in the WORLD? That’s a tall order. Especially when all of the other animals have their own opinions on what the story should be about. Big animals or small ones? Acrobats? A pirate bird flying the Seven Seas? Oh, dear! Luckily, Mervin is there to give Amy just the right inspiration.
Record details
- ISBN: 9780062338488
- ISBN: 006233848X
- Physical Description: 1 volume (unpaged) : color illustrations ; 24 cm.
- Edition: First edition.
- Publisher: New York, NY : Greenwillow Books, ©2017.
Search for related items by subject
| Subject: | Storytelling > Juvenile fiction. Red panda > Juvenile fiction. Pandas > Juvenile fiction. Sloths > Juvenile fiction. Animals > Juvenile fiction. Friendship > Juvenile fiction. |
| Genre: | Humorous fiction. Picture books. |
Available copies
- 2 of 2 copies available at scottsboropl.
Holds
- 0 current holds with 2 total copies.
Show Only Available Copies
| Location | Call Number / Copy Notes | Barcode | Shelving Location | Status | Due Date |
|---|---|---|---|---|---|
| scottsboropl | E Ven | 32269001061400 | Juvenile - Easy | Available | - |
| scottsboropl | E Ven | 32269001100257 | Storage - Juvenile | Available | - |
| LDR | 01749nam a2200421 i 4500 | ||
|---|---|---|---|
| 001 | 147067 | ||
| 003 | SBPL | ||
| 005 | 20180511094211.0 | ||
| 008 | 170421s2017 nyua b 000 1 eng | ||
| 010 | . | ‡a 2017001904 | |
| 020 | . | ‡a9780062338488 ‡q(hardcover) | |
| 020 | . | ‡a006233848X ‡q(hardcover) | |
| 035 | . | ‡a(CONS)147067 | |
| 035 | . | ‡a(CPomAG)LMN606136 | |
| 050 | 0 | 0. | ‡aPZ7.V549 ‡bAmy 2017 |
| 082 | 0 | 0. | ‡a[E] ‡223 |
| 100 | 1 | . | ‡aVenable, Colleen A. F., ‡eauthor. |
| 245 | 1 | 0. | ‡aAmy the Red Panda is writing the best story in the world / ‡cby Colleen AF Venable ; illustratons by Ruth Chan. |
| 250 | . | ‡aFirst edition. | |
| 264 | 1. | ‡aNew York, NY : ‡bGreenwillow Books, ‡c©2017. | |
| 300 | . | ‡a1 volume (unpaged) : ‡bcolor illustrations ; ‡c24 cm. | |
| 336 | . | ‡atext ‡btxt ‡2rdacontent | |
| 337 | . | ‡aunmediated ‡bn ‡2rdamedia | |
| 338 | . | ‡avolume ‡bnc ‡2rdacarrier | |
| 520 | . | ‡aAn exuberant, hilarious guessing game about storytelling, creativity, friendship, and patience—with the most adorable animal menagerie you’ll find anywhere! Amy the Red Panda starts to tell her best friend Mervin the Sloth a story when—uh-oh—a rainstorm of letters pours down! When it stops, Amy reads a sentence in the sky: Amy the Red Panda is writing the best story in the world. The BEST story in the WORLD? That’s a tall order. Especially when all of the other animals have their own opinions on what the story should be about. Big animals or small ones? Acrobats? A pirate bird flying the Seven Seas? Oh, dear! Luckily, Mervin is there to give Amy just the right inspiration. | |
| 650 | 0. | ‡aStorytelling ‡vJuvenile fiction. | |
| 650 | 0. | ‡aRed panda ‡vJuvenile fiction. | |
| 650 | 0. | ‡aPandas ‡vJuvenile fiction. | |
| 650 | 0. | ‡aSloths ‡vJuvenile fiction. | |
| 650 | 0. | ‡aAnimals ‡vJuvenile fiction. | |
| 650 | 0. | ‡aFriendship ‡vJuvenile fiction. | |
| 655 | 7. | ‡aHumorous fiction. | |
| 655 | 7. | ‡aPicture books. ‡2lcgft | |
| 700 | 1 | . | ‡aChan, Ruth, ‡d1980- ‡eillustrator. |
| 901 | . | ‡a147067 ‡bUnknown ‡c147067 ‡tbiblio | |